Plan de viabilidad : (Registro nro. 6491)
[ vista simple ]
| 000 -LEADER | |
|---|---|
| fixed length control field | 01875nam a22003377a 4500 |
| 003 - CONTROL NUMBER IDENTIFIER | |
| control field | OSt |
| 005 - DATE AND TIME OF LATEST TRANSACTION | |
| control field | 20200212090227.0 |
| 008 - FIXED-LENGTH DATA ELEMENTS--GENERAL INFORMATION | |
| fixed length control field | 200212s2012 sp ||||r|||| 001 0 spa d |
| 020 ## - INTERNATIONAL STANDARD BOOK NUMBER | |
| International Standard Book Number | 9788415504726 |
| 040 ## - CATALOGING SOURCE | |
| Original cataloging agency | CO-JMCR |
| Transcribing agency | CO-JMCR |
| 041 ## - LANGUAGE CODE | |
| Language code of text/sound track or separate title | spa |
| 082 04 - DEWEY DECIMAL CLASSIFICATION NUMBER | |
| Classification number | 658 / |
| Item number | R741p |
| 100 1# - MAIN ENTRY--PERSONAL NAME | |
| Personal name | Rojas Graell, Joan, |
| Relator term | autor |
| 9 (RLIN) | 446 |
| 245 ## - TITLE STATEMENT | |
| Title | Plan de viabilidad : |
| Remainder of title | guía práctica para su elaboración y negociación |
| Statement of responsibility, etc. | Joan Rojas Graell, Salvador Beltran Codina, Orial Amat Salas, Josep M. Bastons Álvarez, Jordi Conejos Sancho, Xavier Doménech Ortí |
| 260 ## - PUBLICATION, DISTRIBUTION, ETC. | |
| Place of publication, distribution, etc. | [España] : |
| Name of publisher, distributor, etc. | Profit, |
| Date of publication, distribution, etc. | 2012 |
| 300 ## - PHYSICAL DESCRIPTION | |
| Extent | 163 páginas : |
| Other physical details | ilustraciones a blanco y negro ; |
| Dimensions | 21 cm. |
| 490 ## - SERIES STATEMENT | |
| Series statement | Colección : MBA práctico |
| 505 ## - FORMATTED CONTENTS NOTE | |
| Formatted contents note | Génesis del plan de viabilidad -- Condiciones para el éxito de un PV -- Elaboración del PV -- La negociación de PV -- La revisión y valoración del PV por terceros |
| 520 ## - SUMMARY, ETC. | |
| Summary, etc. | Los planes de viabilidad de una empresa son vitales para evitar su desaparición en situaciones de crisis. Este libro propone una metodología específica para abordar esta situación que contempla la creación de modelos económicos y financieros, así como también la negociación que debe llevarse a cabo con acreedores financieros, proveedores, trabajadores y clientes, entre otros agentes otros agentes implicados. |
| 650 14 - SUBJECT ADDED ENTRY--TOPICAL TERM | |
| Topical term or geographic name entry element | Planificación |
| General subdivision | empresarial |
| 9 (RLIN) | 447 |
| 650 14 - SUBJECT ADDED ENTRY--TOPICAL TERM | |
| Topical term or geographic name entry element | Empresas comerciales |
| General subdivision | Finanzas |
| 9 (RLIN) | 448 |
| 650 14 - SUBJECT ADDED ENTRY--TOPICAL TERM | |
| Topical term or geographic name entry element | Empresas |
| General subdivision | Reorganitzación |
| 9 (RLIN) | 449 |
| 700 1# - ADDED ENTRY--PERSONAL NAME | |
| Personal name | Bertran Codina, Salvador, |
| Relator term | autor |
| 9 (RLIN) | 450 |
| 700 1# - ADDED ENTRY--PERSONAL NAME | |
| Personal name | Amat Salas, Oriol, |
| Relator term | autor |
| 9 (RLIN) | 451 |
| 700 1# - ADDED ENTRY--PERSONAL NAME | |
| Personal name | Bostons Álvarez, Josep M., |
| Relator term | autor |
| 9 (RLIN) | 452 |
| 700 1# - ADDED ENTRY--PERSONAL NAME | |
| Personal name | Conejos Sancho, Jordi, |
| Relator term | autor |
| 9 (RLIN) | 453 |
| 700 1# - ADDED ENTRY--PERSONAL NAME | |
| Personal name | Doménech Ortí, Xavier, |
| Relator term | autor |
| 9 (RLIN) | 454 |
| 700 1# - ADDED ENTRY--PERSONAL NAME | |
| Personal name | Martínez Pascual, Josep, |
| Relator term | autor |
| 9 (RLIN) | 455 |
| 700 1# - ADDED ENTRY--PERSONAL NAME | |
| Personal name | Roqueta Rodríguez, Ángels, |
| Relator term | autor |
| 9 (RLIN) | 456 |
| 942 ## - ADDED ENTRY ELEMENTS (KOHA) | |
| Source of classification or shelving scheme | Dewey Decimal Classification |
| Koha item type | Books |
| Withdrawn status | Lost status | Source of classification or shelving scheme | Damaged status | Not for loan | Home library | Current library | Shelving location | Date acquired | Source of acquisition | Cost, normal purchase price | Total Checkouts | Full call number | Barcode | Date last seen | Date last checked out | Copy number | Price effective from | Koha item type |
|---|---|---|---|---|---|---|---|---|---|---|---|---|---|---|---|---|---|---|
| Dewey Decimal Classification | Biblioteca Pública José María del Castillo y Rada | Biblioteca Pública José María del Castillo y Rada | Processing Center | 12/19/2019 | Donación | 0.00 | 1 | 658 / R741p | 201809636 | 10/29/2025 | 10/29/2025 | Ej.1 | 02/12/2020 | Books |